Bodas de sangre /

Guardado en:
Autor Principal: García Lorca, Federico
Formato: Libro
Publicado: Buenos Aires : Colihue, 1994
Series:Colección literaria
Materias:
Etiquetas: Agregar Etiqueta
Sin Etiquetas, Sea el primero en etiquetar este registro!
LEADER 00602nam a22002175a 4500
001 CEM.cems009378
005 20081215084243.0
008 130507s1994##################000#0#####d
003 CEMS
020 |a 9505811101 
082 0 4 |a 862.6 
100 1 |a García Lorca, Federico 
245 1 0 |a Bodas de sangre /  |c Federico García Lorca 
260 |a Buenos Aires :  |b Colihue,  |c 1994 
300 |a 142 p. 
490 0 |a Colección literaria 
653 |a Literatura 
653 |a Literatura española 
653 |a Teatro 
653 |a Teatro español 
859 |a CEMS  |b BIB. CEMS - 11 de abril  |h 862.6  |i G165-3  |p 19040.96  |t Ej.1